Динамика фрезерования конструкционных сталей концевыми фрезами; Известия Томского политехнического университета [Известия ТПУ]; Т. 323, № 2 : Математика и механика. Физика
| Parent link: | Известия Томского политехнического университета [Известия ТПУ]/ Томский политехнический университет (ТПУ).— , 2000- Т. 323, № 2 : Математика и механика. Физика.— 2013.— [С. 56-58] |
|---|---|
| Autore principale: | |
| Altri autori: | , |
| Riassunto: | Заглавие с титульного листа Электронная версия печатной публикации Статья посвящена оптимизации режимов фрезерной обработки конструкционных сталей при использовании специального виброустойчивого инструмента оригинальной конструкции ПК МИОН, г. Томск. The article is devoted to optimization of structural steel milling modes when using special vibration-proof tool of the original construction. |
| Lingua: | russo |
| Pubblicazione: |
2013
|
| Serie: | Математика и механика |
| Soggetti: | |
| Accesso online: | http://earchive.tpu.ru/bitstream/11683/4944/1/bulletin_tpu-2013-323-2-12.pdf |
| Natura: | MixedMaterials Elettronico Capitolo di libro |
| KOHA link: | https://koha.lib.tpu.ru/cgi-bin/koha/opac-detail.pl?biblionumber=244287 |
MARC
| LEADER | 00000nla2a2200000 4500 | ||
|---|---|---|---|
| 001 | 244287 | ||
| 005 | 20231214114618.0 | ||
| 035 | |a (RuTPU)RU\TPU\book\265670 | ||
| 035 | |a RU\TPU\book\265654 | ||
| 090 | |a 244287 | ||
| 100 | |a 20131018d2013 k y0rusy50 ca | ||
| 101 | 0 | |a rus | |
| 102 | |a RU | ||
| 135 | |a drnn ---uucaa | ||
| 181 | 0 | |a i | |
| 182 | 0 | |a b | |
| 200 | 1 | |a Динамика фрезерования конструкционных сталей концевыми фрезами |f А. Н. Гаврилин, Г. И. Коровин, П. С. Рожков | |
| 203 | |a Текст |c электронный | ||
| 215 | |a 1 файл (368 Кб) | ||
| 225 | 1 | |a Математика и механика | |
| 300 | |a Заглавие с титульного листа | ||
| 300 | |a Электронная версия печатной публикации | ||
| 320 | |a [Библиогр.: с. 58 (4 назв.)] | ||
| 330 | |a Статья посвящена оптимизации режимов фрезерной обработки конструкционных сталей при использовании специального виброустойчивого инструмента оригинальной конструкции ПК МИОН, г. Томск. | ||
| 330 | |a The article is devoted to optimization of structural steel milling modes when using special vibration-proof tool of the original construction. | ||
| 337 | |a Adobe Reader | ||
| 453 | |t Dynamics of cutting structural steels with end-milling cutters |o translation from Russian |f A. N. Gavrilin, G. I. Korovin, P. S. Rozhkov |c Tomsk |n TPU Press |d 2013 |a Gavrilin, A. N. | ||
| 461 | 1 | |0 (RuTPU)RU\TPU\book\176237 |t Известия Томского политехнического университета [Известия ТПУ] |f Томский политехнический университет (ТПУ) |d 2000- | |
| 463 | 1 | |0 (RuTPU)RU\TPU\book\265409 |x 1684-8519 |t Т. 323, № 2 : Математика и механика. Физика |v [С. 56-58] |d 2013 |p 223 с. | |
| 610 | 1 | |a конструкционные стали | |
| 610 | 1 | |a фрезерование | |
| 610 | 1 | |a динамика | |
| 610 | 1 | |a концевые фрезы | |
| 610 | 1 | |a вибрация | |
| 610 | 1 | |a зубья | |
| 610 | 1 | |a фрезерная обработка | |
| 610 | 1 | |a режимы обработки | |
| 610 | 1 | |a оптимизация | |
| 610 | 1 | |a виброустойчивые инструменты | |
| 610 | 1 | |a оригинальные конструкции | |
| 610 | 1 | |a труды учёных ТПУ | |
| 610 | 1 | |a электронный ресурс | |
| 610 | |a vibration | ||
| 610 | |a irregular circle pitch of the mill teeth | ||
| 700 | 1 | |a Гаврилин |b А. Н. |c специалист в области машиностроения |c доцент Томского политехнического университета, кандидат технических наук |f 1960- |g Алексей Николаевич |3 (RuTPU)RU\TPU\pers\28206 |9 13160 | |
| 701 | 1 | |a Коровин |b Г. И. |g Георгий Иванович | |
| 701 | 1 | |a Рожков |b П. С. |c специалист в области автоматизации и роботизации в машиностроении |c аспирант Томского политехнического университета |c инженер ООО "Мион" |f 1984- |g Павел Сергеевич |3 (RuTPU)RU\TPU\pers\28214 | |
| 801 | 1 | |a RU |b 63413507 |c 20090623 |g PSBO | |
| 801 | 2 | |a RU |b 63413507 |c 20190517 |g PSBO | |
| 856 | 4 | |u http://earchive.tpu.ru/bitstream/11683/4944/1/bulletin_tpu-2013-323-2-12.pdf | |
| 942 | |c CF | ||